000 01339cam a22003737a 4500
003 CHAP
005 20220329142442.0
008 010306b2000 mx ab r 00010 spa d
010 _a83718
011 _a84690
020 _a9687863684
035 _a95216
040 _cCHAP
090 _aFolleto 15229 v.85
100 0 0 _aVillarreal Quintanilla, José Angel.
_9119650
245 1 0 _aFamilia Sambucaceae
_c/por José Angel Villarreal Q.
260 _aPátzcuaro, Mich. :
_bInstituto de Ecología A.C. Centro Regional del Bajío,
_c2000.
300 _a5 p. :
_bilus. ; mapas
490 0 _aFlora del Bajío y de Regiones Adyacentes. Fascículo
_v; 85
590 _aBATCH-UPD
_b10
_c20130110
_lUCH01
_h0148
590 _aBATCH-UPD
_b10
_c20130110
_lUCH01
_h0718
590 _aBATCH-UPD
_b10
_c20130409
_lUCH01
_h2148
590 _aBATCH-UPD
_b10
_c20130410
_lUCH01
_h1135
590 _aBATCH-UPD
_b10
_c20130914
_lUCH01
_h0737
590 _aCONVERSION
_b10
_c20130109
_lUCH01
_h1347
650 1 4 _aBotánica
_xClasificación.
_914516
650 1 4 _aPlantas
_xIdentificación.
_988842
650 1 4 _aSambucaceae.
_9101904
830 0 _aFlora del Bajío y de Regiones Adyacentes. Fascículo
_v; 85
_941324
901 _aBK
905 _aPatricia Mendoza P.
942 _cFOLL
949 _aFolleto 15229 v.85
_bBC
_cFOLL
_d952161
_eTS1
_i95216
_kDonaciØn
_st
999 _c83718
_d83718